Normal view
MARC view
- Milligan, G M E
Entry Personal Name
001 - CONTROL NUMBER
- control field: 7383
003 - CONTROL NUMBER IDENTIFIER
- control field: OSt
005 - DATE AND TIME OF LATEST TRANSACTION
- control field: 20250405160715.0
008 - FIXED-LENGTH DATA ELEMENTS
- fixed length control field: 250405|| aca||aabn | a|a d
040 ## - CATALOGING SOURCE
- Original cataloging agency: OSt
- Transcribing agency: OSt
100 ## - HEADING--PERSONAL NAME
- Personal name: Milligan, G M E
670 ## - SOURCE DATA FOUND
- Source citation: Work cat.: (OSt)10459: Milligan, G M E ., Basic soil mechanics / , 1984.
